| 000 | 00808nmc a2200301 a 4500 | ||
|---|---|---|---|
| 003 | AR-BaBNM | ||
| 005 | 20251128203735.0 | ||
| 008 | 117019s1979 ||||||||||||||000 | spa|| | ||
| 040 | _cAR-BaBNM | ||
| 245 | 1 | 0 | _aPoema del Cid |
| 260 |
_aBuenos Aires _bKapelusz _c1979 |
||
| 300 | 0 | _a182 p. | |
| 490 | 0 |
_aGrandes obras de la literatura universal _vv. 131 |
|
| 500 | 0 | _aContiene estudio preliminar en p. 1-22 | |
| 650 | 4 | _aPOESIA | |
| 650 | 4 | _aLITERATURA ESPANOLA | |
| 650 | 4 | _aCANTARES DE GESTA | |
| 650 | 4 | _aEDAD MEDIA | |
| 650 | 4 | _aANALISIS LITERARIO | |
| 650 | 4 | _aCRITICA LITERARIA | |
| 653 | _aMESTER DE JUGLARIA | ||
| 653 | _aROMANCES | ||
| 655 | _aLITERATURA | ||
| 700 | 1 |
_aDelpy, MarĂa Silvia _eprologuista |
|
| 700 | 1 |
_aGuarnier, Luis _eadaptador |
|
| 942 | _cBK | ||
| 998 | _claura | ||
| 999 |
_c4735 _d4735 |
||